Fiscal policy, taxation and the financial system in an increasingly integrated Europe / (Record no. 193003)

MARC details
000 -LEADER
fixed length control field 01380nam a2200373 a 4500
001 - CONTROL NUMBER
control field vtls000188924
003 - CONTROL NUMBER IDENTIFIER
control field NLI
005 - DATE AND TIME OF LATEST TRANSACTION
control field 20210602111717.0
008 - FIXED-LENGTH DATA ELEMENTS--GENERAL INFORMATION
fixed length control field 101125s1992 ne 000 0 eng
020 ## - INTERNATIONAL STANDARD BOOK NUMBER
Terms of availability USD 235.00
039 #9 - LEVEL OF BIBLIOGRAPHIC CONTROL AND CODING DETAIL [OBSOLETE]
-- 201011252242
-- VLOAD
040 ## - CATALOGING SOURCE
Original cataloging agency NLI
Language of cataloging eng
Transcribing agency Datasoft 1
Description conventions AACR2
041 0# - LANGUAGE CODE
Language code of text/sound track or separate title eng
044 ## - COUNTRY OF PUBLISHING/PRODUCING ENTITY CODE
MARC country code ne
082 04 - DEWEY DECIMAL CLASSIFICATION NUMBER
Classification number 336.3094
245 00 - TITLE STATEMENT
Title Fiscal policy, taxation and the financial system in an increasingly integrated Europe /
Statement of responsibility, etc. edited by Donald E. Fair and Christian de Boissieu
260 ## - PUBLICATION, DISTRIBUTION, ETC.
Place of publication, distribution, etc. Dordrecht, The Netherlands :
Name of publisher, distributor, etc. Kluwer Academic Pub.,
Date of publication, distribution, etc. c1992
300 ## - PHYSICAL DESCRIPTION
Extent xii, 440 p. ;
Dimensions 25 cm.
440 #0 - SERIES STATEMENT/ADDED ENTRY--TITLE
Title Financial and monetary policy studies ;
Volume/sequential designation . 22
9 (RLIN) 66071
504 ## - BIBLIOGRAPHY, ETC. NOTE
Bibliography, etc. note Bibliography : p. 440
650 #0 - SUBJECT ADDED ENTRY--TOPICAL TERM
Topical term or geographic name entry element Fiscal policy
Geographic subdivision Europe
9 (RLIN) 363828
650 #0 - SUBJECT ADDED ENTRY--TOPICAL TERM
Topical term or geographic name entry element Taxation
Geographic subdivision Europe
9 (RLIN) 363829
650 #0 - SUBJECT ADDED ENTRY--TOPICAL TERM
Topical term or geographic name entry element Monetary policy
Geographic subdivision Europe
9 (RLIN) 358382
650 #0 - SUBJECT ADDED ENTRY--TOPICAL TERM
Topical term or geographic name entry element Fiscal policy
Geographic subdivision United States
9 (RLIN) 220439
650 #0 - SUBJECT ADDED ENTRY--TOPICAL TERM
Topical term or geographic name entry element Monetary policy
Geographic subdivision United states
9 (RLIN) 212713
700 1# - ADDED ENTRY--PERSONAL NAME
Personal name Fair, Donald E,
Relationship edt
9 (RLIN) 363830
700 1# - ADDED ENTRY--PERSONAL NAME
Personal name Boissieu, Christian de,
Relationship edt
9 (RLIN) 363831
887 ## - NON-MARC INFORMATION FIELD
Content of non-MARC field
901 ## - LOCAL DATA ELEMENT A, LDA (RLIN)
a 521660
b 18.03.1994
902 ## - LOCAL DATA ELEMENT B, LDB (RLIN)
a E 336.3094 F 52
942 ## - ADDED ENTRY ELEMENTS (KOHA)
Source of classification or shelving scheme Dewey Decimal Classification
Koha item type Books
949 ## - LOCAL PROCESSING INFORMATION (OCLC)
-- VIRTUAITEM
-- 10000
-- 100
6 PUR000521660ENG
Holdings
Withdrawn status Lost status Damaged status Not for loan Collection code Home library Current library Shelving location Date acquired Total Checkouts Full call number Barcode Date last seen Price effective from Koha item type
        New English National Library of India National Library of India New English - Main Stack Division     E 336.3094 F 52 PUR000521660ENG 02/06/2021 02/06/2021 Books
                                                                           
web counter

Copyright ©2020 The National Library of India, Govt. of India ↔ Hosted by NVLI, MOC ↔ Technology and Design by National Library of India, Ministry of Culture, Govt. of India